| 000 | 00663cam a2200217 04500 | ||
|---|---|---|---|
| 001 | 44704 | ||
| 090 | _a44704 | ||
| 100 | _a19800801d1980 m y0pory5003 ba | ||
| 101 | 1 | _apor | |
| 102 | _aPT | ||
| 200 | 1 |
_aRoma imperial _ftexto de Patrícia Vanags _gtrad. Maria Irene Bigotte de Carvalho _gil. Ivan Lapper |
|
| 210 | 9 |
_aLisboa _cEditorial Verbo, _dimp. 1980 |
|
| 215 |
_a30 p. _cil. _d27 cm |
||
| 225 | 2 |
_aVer e saber. _iNova série _v11 |
|
| 304 | _aTít. orig.: A closer look at imperial Rome | ||
| 675 | _a94(37) | ||
| 700 | 1 |
_aVanags, _bPatrícia |
|
| 702 | 1 |
_aCarvalho, _bMaria Irene Bigotte de _4730 |
|
| 702 | 1 |
_aLapper, _bIvan _4440 |
|
| 801 | 0 |
_aPT _bBN _gRPC |
|
| 990 | _cLIVROS | ||